000 00363 a2200157 4500
001 194389
020 _a978-85-06-00314-5
040 _cMagnum
100 _aZiraldo
240 1 0 _aAs anedotinhas do bichinho da maçã
_lpor
245 1 0 _aAs anedotinhas do bichinho da maçã
300 _a112
362 0 _a2006
697 _aLITERATURA INFANTO
942 _cBK
999 _c194389
_d194389